Colección Estudios CIEPLAN /
Uloženo v:
| Médium: | Kniha |
|---|---|
| Jazyk: | Spanish |
| Vydáno: |
Santiago, Chile;
Corporación de Investigaciones Económicas para Latinoamérica,
|
| Témata: | |
| Tagy: |
Přidat tag
Žádné tagy, Buďte první, kdo vytvoří štítek k tomuto záznamu!
|
MARC
| LEADER | 00000nam a22000007a 4500 | ||
|---|---|---|---|
| 003 | cru CIDCACS/IIS | ||
| 005 | 20220420111031.0 | ||
| 008 | 191030s1979 cl |||p|r||||||0| ||spa|d | ||
| 040 | |c cru CIDCACS/IIS | ||
| 090 | |a REV0450 | ||
| 245 | 0 | |a Colección Estudios CIEPLAN / |c Corporación de Investigaciones Económicas para Latinoamérica | |
| 260 | |a Santiago, Chile; |b Corporación de Investigaciones Económicas para Latinoamérica, | ||
| 500 | |a EXISTENCIAS PPS (s):1977 (18) 1979 (1-2) 1980 (3) 1982 (7) 1984-1988 (15-25) 1989-1992 (26-35) 1993 (38) 1994 (39) 1995 (40-41) 1996 (43) | ||
| 650 | 0 | |9 1088 |a COMERCIALIZACION | |
| 650 | 0 | |9 7047 |a INDUSTRIA | |
| 650 | 0 | |9 2434 |a SALARIOS | |
| 650 | 4 | |9 2557 |a CAPITAL | |
| 650 | 0 | |9 88 |a MUJERES | |
| 650 | 4 | |9 2655 |a POLITICA ECONOMICA | |
| 942 | |2 ddc |c PP | ||
| 999 | |c 42555 |d 42555 | ||
